SEJARAH ISLAM DI ALAM MELAYU : (Record no. 204669)

MARC details
000 -LEADER
fixed length control field 01320nam a2200337 i 4500
005 - DATE AND TIME OF LATEST TRANSACTION
control field 20260622155401.0
008 - FIXED-LENGTH DATA ELEMENTS--GENERAL INFORMATION
fixed length control field 260622t20252025my jo gr a001 0dmay d
020 ## - INTERNATIONAL STANDARD BOOK NUMBER
International Standard Book Number 9789835221286
Terms of availability RM60.00
Qualifying information paperback
040 ## - CATALOGING SOURCE
Original cataloging agency PPAK
Language of cataloging eng
Transcribing agency PPAK
Description conventions rda
041 0# - LANGUAGE CODE
Language code of text/sound track or separate title may
Language code of original eng
082 04 - DEWEY DECIMAL CLASSIFICATION NUMBER
Edition number 23
Classification number 297.0959
090 00 - LOCALLY ASSIGNED LC-TYPE CALL NUMBER (OCLC); LOCAL CALL NUMBER (RLIN)
Classification number (OCLC) (R) ; Classification number, CALL (RLIN) (NR) 297.0959
Feature heading ATT
Feature heading G
100 1# - MAIN ENTRY--PERSONAL NAME
Personal name Al-Attas, Syed Muhammad Naquib,
Titles and words associated with a name Profesor Diraja Tan Sri Dr.,
Dates associated with a name 1931-2026,
Relator term author.
245 10 - TITLE STATEMENT
Title SEJARAH ISLAM DI ALAM MELAYU :
Remainder of title Antara Fakta dan Rekaan /
Statement of responsibility, etc. SYED MUHAMMAD NAQUIB AL-ATTAS ; Diterjemahkan oleh: Khalif Muammar A. Harris
246 3# - VARYING FORM OF TITLE
Display text Translation of :
Title proper/short title Historical fact and fiction
250 ## - EDITION STATEMENT
Edition statement Edisi Terjemahan Pertama 2025
264 #1 - PRODUCTION, PUBLICATION, DISTRIBUTION, MANUFACTURE, AND COPYRIGHT NOTICE
Place of production, publication, distribution, manufacture Johor Bahru, Johor :
Name of producer, publisher, distributor, manufacturer PENERBIT UTM PRESS,
Date of production, publication, distribution, manufacture, or copyright notice 2025
Date of production, publication, distribution, manufacture, or copyright notice ©2025
300 ## - PHYSICAL DESCRIPTION
Extent xix, 202 pages :
Other physical details genealogical tables, photographs ;
Dimensions 22 cm
336 ## - CONTENT TYPE
Content type term text
Source rdacontent
337 ## - MEDIA TYPE
Media type term unmediated
Source rdamedia
338 ## - CARRIER TYPE
Carrier type term volume
Source rdacarrier
500 ## - GENERAL NOTE
General note Contains verses from the Qur'an.
General note Includes index.
504 ## - BIBLIOGRAPHY, ETC. NOTE
Bibliography, etc. note Bibliography: pages 183-186.
650 10 - SUBJECT ADDED ENTRY--TOPICAL TERM
Topical term or geographic name entry element Islam
Geographic subdivision Malay Archipelago
General subdivision History
Topical term or geographic name entry element Malays (Asian people)
General subdivision History
Topical term or geographic name entry element Government publications
Geographic subdivision Malaysia
700 0# - ADDED ENTRY--PERSONAL NAME
Personal name Khalif Muammar A. Harris,
Relator term translator.
942 ## - ADDED ENTRY ELEMENTS (KOHA)
Source of classification or shelving scheme Dewey Decimal Classification
Koha item type Book

No items available.